Electrodynamics of solids : (Record no. 3770)

MARC details
000 -LEADER
fixed length control field 01548cam a22003494a 4500
001 - CONTROL NUMBER
control field 12358373
003 - CONTROL NUMBER IDENTIFIER
control field OSt
005 - DATE AND TIME OF LATEST TRANSACTION
control field 20160426145155.0
008 - FIXED-LENGTH DATA ELEMENTS--GENERAL INFORMATION
fixed length control field 010326s2002 enka b 001 0 eng
010 ## - LIBRARY OF CONGRESS CONTROL NUMBER
LC control number 2001025962
020 ## - INTERNATIONAL STANDARD BOOK NUMBER
International Standard Book Number 0521592534
020 ## - INTERNATIONAL STANDARD BOOK NUMBER
International Standard Book Number 0521597269 (pbk.)
040 ## - CATALOGING SOURCE
Original cataloging agency DLC
Transcribing agency DLC
Modifying agency DLC
042 ## - AUTHENTICATION CODE
Authentication code pcc
050 00 - LIBRARY OF CONGRESS CALL NUMBER
Classification number QC176.8.O6
Item number D74 2002
082 00 - DEWEY DECIMAL CLASSIFICATION NUMBER
Classification number 530.4
Edition number 21
Item number DRE 2002
100 1# - MAIN ENTRY--PERSONAL NAME
Personal name Dressel, Martin,
Dates associated with a name 1960-
9 (RLIN) 8302
245 10 - TITLE STATEMENT
Title Electrodynamics of solids :
Remainder of title optical properties of electrons in matter /
Statement of responsibility, etc. Martin Dressel and George Gruner.
260 ## - PUBLICATION, DISTRIBUTION, ETC. (IMPRINT)
Place of publication, distribution, etc. Cambridge ;
-- New York :
Name of publisher, distributor, etc. Cambridge University Press,
Date of publication, distribution, etc. 2002.
300 ## - PHYSICAL DESCRIPTION
Extent xii, 474 p. :
Other physical details ill. ;
Dimensions 26 cm.
504 ## - BIBLIOGRAPHY, ETC. NOTE
Bibliography, etc Includes bibliographical references and index.
650 #0 - SUBJECT ADDED ENTRY--TOPICAL TERM
Topical term or geographic name as entry element Solids
General subdivision Optical properties.
9 (RLIN) 8303
650 #0 - SUBJECT ADDED ENTRY--TOPICAL TERM
Topical term or geographic name as entry element Solids
General subdivision Electric properties.
9 (RLIN) 8304
700 1# - ADDED ENTRY--PERSONAL NAME
Personal name Gruner, George.
9 (RLIN) 8305
856 41 - ELECTRONIC LOCATION AND ACCESS
Materials specified Sample text
Uniform Resource Identifier http://www.loc.gov/catdir/samples/cam031/2001025962.html
856 42 - ELECTRONIC LOCATION AND ACCESS
Materials specified Publisher description
Uniform Resource Identifier http://www.loc.gov/catdir/description/cam021/2001025962.html
856 41 - ELECTRONIC LOCATION AND ACCESS
Materials specified Table of contents
Uniform Resource Identifier http://www.loc.gov/catdir/toc/cam021/2001025962.html
856 42 - ELECTRONIC LOCATION AND ACCESS
Materials specified Contributor biographical information
Uniform Resource Identifier http://www.loc.gov/catdir/enhancements/fy0731/2001025962-b.html
906 ## - LOCAL DATA ELEMENT F, LDF (RLIN)
a 7
b cbc
c orignew
d 1
e ocip
f 20
g y-gencatlg
942 ## - ADDED ENTRY ELEMENTS (KOHA)
Source of classification or shelving scheme Dewey Decimal Classification
Koha item type Short Loan
Holdings
Withdrawn status Lost status Source of classification or shelving scheme Damaged status Not for loan Home library Current library Date acquired Inventory number Total Checkouts Full call number Barcode Date last seen Price effective from Koha item type
    Dewey Decimal Classification     MUST Main Library MUST Main Library 26/04/2016 2003/20567   530.4 DRE 2002 2016-1384 26/04/2016 26/04/2016 Short Loan